LEADER 01059nam--2200349---450- 001 990005911040203316 005 20131125093130.0 010 $a978-88-90240-75-1 035 $a000591104 035 $aUSA01000591104 035 $a(ALEPH)000591104USA01 035 $a000591104 100 $a20131125d2011----km-y0itay50------ba 101 0 $aita 102 $aIT 105 $a||||||||001yy 200 1 $aPianura 2008$ei giorni della monnezza$eracconto controcorrente di una protesta popolare$fMarco Nonno 210 $aBenevento$cmicroPrint$d2011 215 $a96 p.$d24 cm 300 $aNapoli, discarica dei Pisani, dicembre 2007-gennaio 2008-ottobre 2008 606 0 $aDiscariche$2BNCF 676 $a628.445 700 1$aNONNO,$bMarco$0618198 801 0$aIT$bsalbc$gISBD 912 $a990005911040203316 951 $aII.5. 7661$b242152 L.M.$cII.5.$d00314948 959 $aBK 969 $aUMA 979 $aPASSARO$b90$c20131125$lUSA01$h0929 979 $aPASSARO$b90$c20131125$lUSA01$h0931 996 $aPianura 2008$91073210 997 $aUNISA LEADER 00962nam2-2200337---450- 001 990003596740203316 005 20111124153638.0 010 $a978-88-04-58420-9 035 $a000359674 035 $aUSA01000359674 035 $a(ALEPH)000359674USA01 035 $a000359674 100 $a20111124d2010----km-y0itay50------ba 101 0 $aita 102 $aIT 105 $ay|||||||001yy 200 1 $aA Mosca, a Mosca!$fSerena Vitale 210 $aMilano$cMondadori$d2010 215 $a238 p.$d23 cm 225 2 $aScrittori italiani e stranieri 410 0$1001000328377$12001$aScrittori italiani e stranieri 676 $a853.92 700 1$aVITALE,$bSerena$f<1945- >$0458701 801 0$aIT$bsalbc$gISBD 912 $a990003596740203316 951 $aVI.3. Coll. 7/ 146$b5239 L.G.$cVI.3. Coll.$d00268572 959 $aBK 969 $aUMA 979 $aMARTUCCIEL$b90$c20111124$lUSA01$h1536 996 $aA Mosca, a Mosca$91135318 997 $aUNISA LEADER 01956nas 2200613-a 450 001 996215882703316 005 20240413024939.0 035 $a(CKB)110990112650270 035 $a(CONSER)---00215028- 035 $a(EXLCZ)99110990112650270 100 $a20000120a20009999 --- a 101 0 $aeng 181 $ctxt$2rdacontent 182 $cc$2rdamedia 183 $acr$2rdacarrier 200 00$aAdvisor today 210 $aWashington, D.C. $cNational Association of Insurance and Financial Advisors Service Corp.$d©1999- 215 $a1 online resource 300 $aTitle from cover. 311 08$aPrint version: Advisor today. 1529-823X (DLC) 00215028 (OCoLC)43321853 531 0 $aAdvis. today 606 $aInsurance$vPeriodicals 606 $aLife insurance$vPeriodicals 606 $aInvestment analysis$vPeriodicals 606 $aInvestments$vPeriodicals 606 $aAssurance$vPériodiques 606 $aAssurance-vie$vPériodiques 606 $aAnalyse financière$vPériodiques 606 $aInvestissements$vPériodiques 606 $aInsurance$2fast$3(OCoLC)fst00974532 606 $aInvestment analysis$2fast$3(OCoLC)fst00978180 606 $aInvestments$2fast$3(OCoLC)fst00978234 606 $aLife insurance$2fast$3(OCoLC)fst01715858 608 $aPeriodicals.$2fast 608 $aPeriodicals.$2lcgft 615 0$aInsurance 615 0$aLife insurance 615 0$aInvestment analysis 615 0$aInvestments 615 6$aAssurance 615 6$aAssurance-vie 615 6$aAnalyse financière 615 6$aInvestissements 615 7$aInsurance. 615 7$aInvestment analysis. 615 7$aInvestments. 615 7$aLife insurance. 676 $a368 712 02$aNational Association of Insurance and Financial Advisors. 906 $aJOURNAL 912 $a996215882703316 920 $aexl_impl conversion 996 $aAdvisor today$92415008 997 $aUNISA LEADER 04972oam 22005173 450 001 9910953730403321 005 20240912161049.0 010 $a9781118581766$b(electronic bk.) 010 $z9781118581780 035 $a(MiAaPQ)EBC4036479 035 $a(Au-PeEL)EBL4036479 035 $a(CaPaEBR)ebr11111083 035 $a(OCoLC)927508465 035 $a(MiAaPQ)EBC7103826 035 $a(CKB)17690268000041 035 $a(BIP)54548323 035 $a(BIP)49006744 035 $a(EXLCZ)9917690268000041 100 $a20220831d2015 uy 0 101 0 $aeng 135 $aurcnu|||||||| 181 $ctxt$2rdacontent 182 $cc$2rdamedia 183 $acr$2rdacarrier 200 10$aBioinformatics and Functional Genomics 205 $a3rd ed. 210 1$aHoboken :$cJohn Wiley & Sons, Incorporated,$d2015. 210 4$d©2015. 215 $a1 online resource (1161 pages) 311 08$aPrint version: Pevsner, Jonathan Bioinformatics and Functional Genomics Hoboken : John Wiley & Sons, Incorporated,c2015 9781118581780 327 $aCover -- Title Page -- Copyright Page -- Contents in Brief -- Contents -- Preface to the Third Edition -- About the Companion Website -- Part I Analyzing DNA, RNA, and Protein Sequences -- 1 Introduction -- 2 Access to Sequence Data and Related Information -- 3 Pairwise Sequence Alignment -- 4 Basic Local Alignment Search Tool (BLAST) -- 5 Advanced Database Searching -- 6 Multiple Sequence Alignment -- 7 Molecular Phylogeny and Evolution -- Part II Genomewide Analysis of DNA, RNA, and Protein -- 8 DNA: The Eukaryotic Chromosome -- 9 Analysis of Next-Generation Sequence Data -- 10 Bioinformatic Approaches to Ribonucleic Acid (RNA) -- 11 Gene Expression: Microarray and RNA-seq Data Analysis -- 12 Protein Analysis and Proteomics -- 13 Protein Structure -- 14 Functional Genomics -- Part III Genome Analysis -- 15 Genomes Across the Tree of Life -- 16 Completed Genomes: Viruses -- 17 Completed Genomes: Bacteria and Archaea -- 18 Eukaryotic Genomes: Fungi -- 19 Eukaryotic Genomes: From Parasites to Primates -- 20 Human Genome -- 21 Human Disease -- Glossary -- Self-Test Quiz: Solutions -- Author Index -- Subject Index -- Wiley End User License Agreement. 330 $aThe bestselling introduction to bioinformatics and genomics - now in its third edition Widely received in its previous editions, Bioinformatics and Functional Genomics offers the most broad-based introduction to this explosive new discipline. Now in a thoroughly updated and expanded third edition, it continues to be the go-to source for students and professionals involved in biomedical research. This book provides up-to-the-minute coverage of the fields of bioinformatics and genomics. Features new to this edition include: Extensive revisions and a slight reorder of chapters for a more effective organization A brand new chapter on next-generation sequencing An expanded companion website, also updated as and when new information becomes available Greater emphasis on a computational approach, with clear guidance of how software tools work and introductions to the use of command-line tools such as software for next-generation sequence analysis, the R programming language, and NCBI search utilities The book is complemented by lavish illustrations and more than 500 figures and tables - many newly-created for the third edition to enhance clarity and understanding. Each chapter includes learning objectives, a problem set, pitfalls section, boxes explaining key techniques and mathematics/statistics principles, a summary, recommended reading, and a list of freely available software. Readers may visit a related Web page for supplemental information such as PowerPoints and audiovisual files of lectures, and videocasts of how to perform many basic operations: www.wiley.com/go/pevsnerbioinformatics. Bioinformatics and Functional Genomics, Third Edition serves as an excellent single-source textbook for advanced undergraduate and beginning graduate-level courses in the biological sciences and computer sciences. It is also an indispensable resource for biologists in a broad variety of disciplines who use the tools of bioinformatics and genomics to study particular research problems; bioinformaticists and computer scientists who develop computer algorithms and databases; and medical researchers and clinicians who want to understand the genomic basis of viral, bacterial, parasitic, or other diseases. 606 $aBioinformatics 606 $aGenomics -- Data processing 606 $aMolecular biology -- Data processing 615 0$aBioinformatics. 615 0$aGenomics -- Data processing. 615 0$aMolecular biology -- Data processing. 676 $a572.8/6 700 $aPevsner$b Jonathan$0508242 801 0$bMiAaPQ 801 1$bMiAaPQ 801 2$bMiAaPQ 912 $a9910953730403321 996 $aBioinformatics and functional genomics$9774959 997 $aUNINA